Vista normal Vista MARC

Entrada Topical Term

Número de registros utilizados en: 1

001 - CONTROL NUMBER

  • control field: 38207

003 - CONTROL NUMBER IDENTIFIER

  • control field: OSt

005 - DATE AND TIME OF LATEST TRANSACTION

  • control field: 20210608152626.0

008 - FIXED-LENGTH DATA ELEMENTS

  • fixed length control field: 210608|| aca||aabn | a|a d

040 ## - CATALOGING SOURCE

  • Original cataloging agency: OSt
  • Transcribing agency: OSt

150 ## - HEADING--TOPICAL TERM

  • Topical term or geographic name entry element: Abastecimiento de alimentos
  • General subdivision: Predicción
  • General subdivision: Modelos econométricos

670 ## - SOURCE DATA FOUND

  • Source citation: Work cat.: (OSt)8026: Rosegrant, Mark W., 16122 autor, World water and food to 2025 : , 2002